00521nam a2200181 a 450000500170000000800410001702000180005805000240007624500370010026000440013730000210018152100100020265000150021265000370022765000270026470000280029170000200031920140310183512.0101012s19uu xx 00 eng d a9781606236192 aHM 1251b.So63 2010 aThe social psychology of power / aNew York :bThe Guildford press,c2010. a469 p. :c23 cm. aPSYCH aAuthority. aSocial control-social influence. aCONTROL ( Psychology). aedited by: Guinote, Ana aVescio, Theresa